| 000 -LEADER |
| fixed length control field |
00469nam a2200205Ia 4500 |
| 001 - CONTROL NUMBER |
| control field |
13691 |
| 003 - CONTROL NUMBER IDENTIFIER |
| control field |
GE_BSU |
| 008 - FIXED-LENGTH DATA ELEMENTS--GENERAL INFORMATION |
| fixed length control field |
181216s||||||||xx |||||||||||||| ||und|| |
| 020 ## - INTERNATIONAL STANDARD BOOK NUMBER |
| International Standard Book Number |
0443045593 |
| 040 ## - CATALOGING SOURCE |
| Transcribing agency |
GE_BSU |
| 080 ## - UNIVERSAL DECIMAL CLASSIFICATION NUMBER |
| Universal Decimal Classification number |
612 |
| 100 ## - MAIN ENTRY--PERSONAL NAME |
| Personal name |
Davies,Andrew; Blakeley,Asa G.H; Kidd,Cecil; McGeown,J.G. |
| 245 ## - TITLE STATEMENT |
| Title |
Human physiology. |
| 260 ## - PUBLICATION, DISTRIBUTION, ETC. |
| Place of publication, distribution, etc. |
London. |
| 260 ## - PUBLICATION, DISTRIBUTION, ETC. |
| Name of publisher, distributor, etc. |
2001 |
| 300 ## - PHYSICAL DESCRIPTION |
| Extent |
980p;26cm. |
| 300 ## - PHYSICAL DESCRIPTION |
| Other physical details |
ill. |
| 653 ## - INDEX TERM--UNCONTROLLED |
| Uncontrolled term |
Human physiology. |
| 942 ## - ADDED ENTRY ELEMENTS (KOHA) |
| Koha item type |
წიგნი |